301-400AD Quiz - Statistics

General Stats
  • This quiz has been taken 11 times
  • The average score is 3 of 5
Answer Stats
Hint Date Answer % Correct
Which city became the first capital of eastern Roman Empire. 330AD Constantinople
100%
Who organized the First Council of Nicaea. 325AD Constantine
91%
Samudragupta became the emperor of which empire. 335AD Gupta
55%
Which emperor outlawed all religions other than Catholic Christianity. 395AD Theodosius I
55%
Who was defeated in Battle of Adrianople.(Name the emperor) 378AD Valens
18%
No matching quizzes found
Score Distribution
Percent of People with Each Score
Percentile by Number Answered
Your Score History
You have not taken this quiz